000 00551nam a2200205 a 4500
999 _c10180
_d10180
001 10180
003 BD-JhCC
005 20180529133041.0
008 180418b20062006bg a|||| ||a| 001 0 eng d
035 _a(BD-JhCC)10180
040 _aBD-JhCC
_dBD-JhCC
041 _aeng
082 _a530
_bJAL 2006
100 _aJalal, Dr. A.B.M. Shah
245 _aAn introduction to higher level physics-ii /
_cDr. A.B.M. Shah Jalal
260 _aDHAKA :
_bMusanna Publications ;
_c2006.
300 _a782 p.
_bills;
_c25 cm.
942 _2ddc
_cBK